| 000 | 01149cam a22003497a 4500 | ||
|---|---|---|---|
| 003 | CHAP | ||
| 005 | 20220329134647.0 | ||
| 008 | 971013s1973 r 00010 d | ||
| 010 | _a23803 | ||
| 011 | _a24775 | ||
| 035 | _a28874 | ||
| 040 | _cCHAP | ||
| 090 | _aFolleto 1696 | ||
| 110 |
_aComisión Nacional de Fruticultura. México _925772 |
||
| 245 | 1 | 3 | _aEl manzano |
| 260 |
_aMéxico : _bCONAFRUT, _c1973 |
||
| 300 | _a3 p. | ||
| 490 | 0 |
_aHoja de divulgación _v; 6 |
|
| 590 |
_aBATCH-UPD _b10 _c20130110 _lUCH01 _h1516 |
||
| 590 |
_aBATCH-UPD _b10 _c20130410 _lUCH01 _h0930 |
||
| 590 |
_aBATCH-UPD _b10 _c20130914 _lUCH01 _h1629 |
||
| 590 |
_aCONVERSION _b10 _c20130109 _lUCH01 _h1314 |
||
| 650 | 1 | 4 |
_aManzana. _970730 |
| 830 | 0 |
_aHoja de divulgación _v; 6 _955847 |
|
| 901 | _aBK | ||
| 942 | _cFOLL | ||
| 949 |
_aFolleto 1696 _bBC _cFOLL _d-66685 _eTS1 _i28874 _mD _si |
||
| 949 |
_aFolleto 1696 _bBC _cFOLL _d-66686 _eTS2 _fc.2 _i28874 _mD _si |
||
| 949 |
_aFolleto 1696 _bBC _cFOLL _d-66687 _eTS2 _fc.3 _i28874 _mD _si |
||
| 949 |
_aFolleto 1696 _bBC _cFOLL _d-66688 _eTS2 _fc.4 _i28874 _mD _si |
||
| 949 |
_aFolleto 1696 _bBC _cFOLL _d-66689 _eTS2 _fc.5 _i28874 _mD _si |
||
| 999 |
_c23803 _d23803 |
||